[Event "ch-IND U19 Girls 2018"]
[Site "New Delhi IND"]
[Date "2018.12.03"]
[Round "8.1"]
[White "Jyothsna,L"]
[Black "Aakanksha,Hagawane"]
[Result "1/2-1/2"]
[WhiteElo "2060"]
[BlackElo "2264"]

1.d4 Nf6 2.Nf3 c5 3.d5 e6 4.c4 exd5 5.cxd5 d6 6.Nc3 g6 7.e4 Bg7 8.Bd3 O-O
9.O-O Bg4 10.h3 Bxf3 11.Qxf3 a6 12.a4 Nbd7 13.Qe2 Re8 14.Bf4 Qc7 15.Bh2 Ne5
16.Bc2 c4 17.Kh1 Rab8 18.f4 Ned7 19.a5 Nxe4 20.Nxe4 f5 21.Ra4 Rbc8 22.Rxc4 Qxc4
23.Qxc4 Rxc4 24.Nxd6 Rxc2 25.Nxe8 Bf8 26.d6 Re2 27.Nc7 Bxd6 28.Nd5 Rd2 29.Ne3 Bc5
30.Nc4 Rc2 31.b3 Nf6 32.Bg1 Be7 33.Bd4 Ne4 34.Rb1 Ng3+ 35.Kh2 Ne2 36.Be5 Rc1
37.Rxc1 Nxc1 38.Bd6 Bxd6 39.Nxd6 Nxb3 40.Nxb7 Kf8 41.Nd8 Ke7 42.Nc6+ Kd6
43.Nb4 Nc5 44.g4 Kc7 45.Kg3 Kb7 46.Kh4 Ne6 47.Kg3 Ng7 48.Kf3 Ne6 49.Kg3 Nd4
50.Kh4 Nf3+ 51.Kg3 Nd2 52.Kh4 Nf3+ 53.Kg3 Nd4 54.Kh4 Ne6 55.Kg3 Ng7 56.Kh4  1/2-1/2

[Event "FSGM December 2018"]
[Site "Budapest HUN"]
[Date "2018.12.04"]
[Round "4.5"]
[White "Farago,I"]
[Black "Shahaliyev,Ismayil"]
[Result "1-0"]
[WhiteElo "2360"]
[BlackElo "2396"]

1.d4 Nf6 2.c4 e6 3.Nf3 c5 4.d5 d6 5.Nc3 exd5 6.cxd5 g6 7.Nd2 Bg7 8.e4 O-O
9.Be2 Re8 10.O-O Na6 11.f3 Nd7 12.Nc4 Nb6 13.Bf4 Nxc4 14.Bxc4 Nc7 15.Qd2 b6
16.a4 a6 17.Rab1 Qd7 18.b4 b5 19.bxc5 bxc4 20.cxd6 Ne6 21.dxe6 fxe6 22.e5 Bb7
23.Rb4 Rad8 24.Rxc4 Rc8 25.Rxc8 Rxc8 26.Qd4 Bc6 27.Rc1 Rf8 28.Bg3 Rc8 29.Ne4 Bxe4
30.Rxc8+ Qxc8 31.Qxe4 Kf7 32.h4 Bh6 33.Bf4 Bg7 34.Qd4 Qd7 35.Qc4 a5 36.Qc7 Ke8
37.Qxa5 Qc6 38.Qa7 Qd7 39.Qxd7+ Kxd7 40.a5 Kc6 41.a6 h6 42.d7  1-0

[Event "European Blitz 2018"]
[Site "Skopje MKD"]
[Date "2018.12.06"]
[Round "8.28"]
[White "Blagojevic,Dr"]
[Black "Arsovic,Z"]
[Result "0-1"]
[WhiteElo "2497"]
[BlackElo "2422"]

1.d4 Nf6 2.c4 e6 3.Nf3 c5 4.d5 d6 5.Nc3 exd5 6.cxd5 g6 7.h3 Bg7 8.e4 O-O
9.Bd3 Re8 10.O-O Nbd7 11.Re1 Nh5 12.Bg5 Bf6 13.Be3 Ne5 14.Be2 Ng7 15.Nd2 g5
16.Nf1 Ng6 17.Qd2 h6 18.Ng3 Be5 19.Bf1 Bd7 20.a4 a6 21.Ra3 Nf4 22.Nce2 Qf6
23.Rb3 b5 24.axb5 axb5 25.Ra3 b4 26.Rxa8 Rxa8 27.b3 h5 28.Rb1 h4 29.Nh1 Ra3
30.f3 Ne8 31.Nf2 Nc7 32.Nc1 Nb5 33.Ng4 Bxg4 34.Bxb5 Bc8 35.Bf1 Ba6 36.Bxa6 Rxa6
37.Ne2 Ra3 38.Nxf4 Bxf4 39.Bxf4 Qxf4 40.Qd3 Ra2 41.Rd1 Qg3 42.Qf1 Rb2 43.Rb1 Rc2
44.Rc1 Rc3 45.Rxc3 bxc3 46.Qc1 Qe5 47.Kf2 Qd4+ 48.Ke2 f6 49.Qe3 Kf7 50.Qd3 Ke7
51.Qc2 Kd7 52.Qa2  0-1

[Event "Szmetan-Giardelli Open"]
[Site "Buenos Aires ARG"]
[Date "2018.12.08"]
[Round "5.28"]
[White "Postolski,Javier"]
[Black "Kapitanchuk,Tomas"]
[Result "0-1"]
[WhiteElo "2018"]
[BlackElo "2245"]

1.d4 Nf6 2.c4 c5 3.d5 e6 4.Nc3 exd5 5.cxd5 d6 6.Nf3 g6 7.Nd2 a6 8.a4 Nbd7
9.e4 Bg7 10.Be2 O-O 11.O-O Re8 12.Re1 Rb8 13.a5 b5 14.axb6 Nxb6 15.h3 Qc7
16.Bf1 Nfd7 17.Ra3 c4 18.Nf3 Nc5 19.Be3 Nd3 20.Bxd3 cxd3 21.Bxb6 Qxb6 22.Na4 Qb4
23.Rxd3 Bd7 24.Nc3 Qxb2 25.e5 dxe5 26.d6 f5 27.Nd5 e4 28.Rd2 Qb3 29.Ne7+ Kh8
30.Ng5 Bf6 31.h4 Qxd1 32.Rexd1 Ba4 33.d7 Bxd1 34.Nc6 Ba4 35.Nxb8 Rxb8 36.d8=Q+ Bxd8
37.Nf7+ Kg7 38.Nxd8 Rb6 39.Rd4 Bb5 40.g4 Kf6 41.g5+ Ke7 42.f3 exf3 43.Kf2 Rb8  0-1

[Event "European Rapid 2018"]
[Site "Skopje MKD"]
[Date "2018.12.08"]
[Round "5.26"]
[White "Dvirnyy,D"]
[Black "Putka,V"]
[Result "1-0"]
[WhiteElo "2485"]
[BlackElo "2307"]

1.d4 Nf6 2.c4 c5 3.d5 e6 4.Nc3 exd5 5.cxd5 d6 6.Nf3 g6 7.g3 Bg7 8.Bg2 O-O
9.O-O b6 10.Bf4 Ba6 11.Re1 Nh5 12.Bg5 f6 13.Bd2 f5 14.Ng5 Qd7 15.Ne6 Rf7
16.e4 fxe4 17.Nxe4 Bxb2 18.N6g5 Re7 19.Bh3 Qd8 20.Ne6 Qd7 21.Nf4 Qe8 22.Nxd6 Rxe1+
23.Qxe1 Qe5 24.Rb1 Bd4 25.Nxh5 gxh5 26.Be6+ Kg7 27.Nf5+ Kf6 28.Qc1 Kg6 29.Bh6 Qf6
30.Nh4+  1-0

[Event "3rd Krunoslav Hulak Mem"]
[Site "Zagreb CRO"]
[Date "2018.12.08"]
[Round "9.10"]
[White "Enchev,I"]
[Black "Vernacki,S"]
[Result "1-0"]
[WhiteElo "2491"]
[BlackElo "2348"]

1.d4 Nf6 2.c4 c5 3.d5 e6 4.Nc3 exd5 5.cxd5 d6 6.Nf3 g6 7.h3 Bg7 8.e4 a6 9.a4 Nbd7
10.Bd3 Nh5 11.g4 Nhf6 12.Bf4 Qe7 13.O-O h5 14.g5 Nh7 15.h4 O-O 16.Bg3 f6
17.e5 Nxe5 18.Nxe5 fxe5 19.Bxg6 Bg4 20.f3 Bh3 21.Ne4 Bxf1 22.Qxf1 b5 23.Qd3 Bh8
24.Bxh5 c4 25.Qc2 Rfd8 26.Bg4 Nf8 27.Bf2 Qb7 28.Rd1 bxa4 29.Qxc4 Qxb2 30.Qc7 Qb8
31.Qe7 Re8 32.Qxd6 Qxd6 33.Nxd6 Red8 34.Bc5 Rab8 35.h5 Rb3 36.Be6+ Nxe6 37.dxe6 a3
38.e7 Ra8 39.Bxa3 Rxa3 40.Nc8  1-0

[Event "Lidums AUS YM GM 2018"]
[Site "Adelaide AUS"]
[Date "2018.12.09"]
[Round "2.3"]
[White "Cheng,Bo"]
[Black "Kvon,A"]
[Result "1/2-1/2"]
[WhiteElo "2510"]
[BlackElo "2509"]

1.d4 Nf6 2.c4 e6 3.Nf3 c5 4.d5 exd5 5.cxd5 d6 6.Nc3 g6 7.e4 Bg7 8.h3 O-O
9.Bd3 Re8 10.O-O c4 11.Bc2 b5 12.a3 a6 13.Re1 Nbd7 14.Bf4 Ne5 15.Nd4 Nh5
16.Be3 Qh4 17.Qd2 h6 18.f4 Nd3 19.Nf3 Bxc3 20.Qxc3 Qf6 21.e5 Qf5 22.Bxd3 Qxd3
23.Qxd3 cxd3 24.Rad1 Bb7 25.Rxd3 Rad8 26.Red1 g5 27.fxg5 dxe5 28.Nh4 hxg5
29.Bxg5 f6 30.Be3 Kf7 31.Kf1 Rd7 32.g4 Ng7 33.Ng2 Rc8 34.R3d2 Ne8 35.Ke2 Nd6  1/2-1/2

[Event "TCh-BAN Premier 2018"]
[Site "Dhaka BAN"]
[Date "2018.12.09"]
[Round "4.1"]
[White "Khan,Mok"]
[Black "Das,Arp"]
[Result "0-1"]
[WhiteElo "1942"]
[BlackElo "2186"]

1.d4 Nf6 2.c4 e6 3.Nf3 c5 4.d5 d6 5.Nc3 exd5 6.cxd5 g6 7.g3 Bg7 8.Bg2 O-O
9.O-O Re8 10.Bf4 a6 11.a4 Ne4 12.Nxe4 Rxe4 13.Qc2 Bf5 14.Qd2 Rb4 15.Ra2 Be4
16.Rd1 Qe7 17.Bg5 Qf8 18.Qc1 Nd7 19.Bd2 Bxd5 20.Bxb4 Bxa2 21.Bc3 Nf6 22.Nd2 Be6
23.Ne4 Nxe4 24.Bxe4 Qe7 25.Bxg7 Kxg7 26.Qc3+ Kg8 27.Qf3 Rb8 28.Bd5 b5 29.a5 Bxd5
30.Qxd5 Qxe2 31.Qxd6 Re8 32.Rd2 Qf3 33.Rd1 Re6 34.Qd8+ Kg7 35.Qd2 Re2  0-1

[Event "Akim Cup Pavlodar 2018"]
[Site "Pavlodar KAZ"]
[Date "2018.12.09"]
[Round "7.3"]
[White "Khusenkhojaev,Muhammad"]
[Black "Kotsur,P"]
[Result "0-1"]
[WhiteElo "2455"]
[BlackElo "2539"]

1.d4 Nf6 2.c4 e6 3.Nf3 c5 4.d5 d6 5.Nc3 exd5 6.cxd5 g6 7.e4 a6 8.a4 Bg4 9.Be2 Bxf3
10.Bxf3 Bg7 11.Bf4 O-O 12.O-O Qe7 13.Re1 Nbd7 14.h3 Ne8 15.Qc2 Nc7 16.Be2 Rab8
17.Bg3 b5 18.axb5 axb5 19.Ra7 Rfc8 20.Rxc7 Rxc7 21.Nxb5 Rxb5 22.Bxb5 Rb7
23.Bxd7 Qxd7 24.b3 Rb6 25.Qc4 Bd4 26.Re2 Qb7 27.Qa4 Qb8 28.Qd7 Rxb3 29.Kh2 Rxg3
30.Kxg3 Be5+ 31.Kf3 Qb3+ 32.Re3 Qd1+ 33.Re2 Qc1 34.Re3 c4 35.g3 Bd4 36.Qxd6 Bxe3
37.fxe3 Qf1+ 38.Kg4 c3 39.Qc5 h5+ 40.Kg5 Kg7  0-1

[Event "5th Johor Open 2018"]
[Site "Johor MAS"]
[Date "2018.12.10"]
[Round "1.6"]
[White "Zhou,Yibo"]
[Black "Muminova,N"]
[Result "0-1"]
[WhiteElo "1841"]
[BlackElo "2324"]

1.d4 Nf6 2.c4 e6 3.Nf3 c5 4.d5 exd5 5.cxd5 d6 6.Nc3 g6 7.Bf4 Bg7 8.Qa4+ Bd7
9.Qb3 Qc7 10.e4 O-O 11.Bd3 a6 12.a4 Nh5 13.Be3 Be8 14.O-O Nd7 15.Rac1 Rc8
16.Ne2 b5 17.axb5 axb5 18.Ned4 b4 19.Nc6 Nb6 20.Nxb4 Na4 21.Na6 Qe7 22.e5 dxe5
23.Nxc5 Nxc5 24.Qa3 e4 25.Rxc5 Rb8 26.d6 Qxd6 27.Bxe4 Bxb2 28.Qa7 Bb5 29.Rb1 Be2
30.g3 Bxf3 31.Bxf3 Be5 32.Rd1 Qf6 33.Bxh5 gxh5 34.f4 Bb2 35.Rg5+ Kh8 36.Rb1 Rfd8
37.Qa4 Bd4 38.Re1 Bxe3+ 39.Rxe3 Qb2 40.Qe4 Rd1+ 41.Re1 Rxe1+ 42.Qxe1 f6 43.Rd5 h4
44.Qd2 Qa1+ 45.Kg2 Rb2 46.Rd8+ Kg7 47.Rd7+ Kg6 48.f5+ Kxf5 49.Rd5+ Kg6 50.Kh3 Rxd2
51.Rxd2 hxg3 52.hxg3 Qh1+ 53.Rh2 Qf1+ 54.Rg2 Kg5 55.Kh2 h5 56.Ra2 h4 57.gxh4+ Kxh4
58.Ra4+ Kg5 59.Rg4+ Kf5 60.Rg3 Qf2+ 61.Kh1 Qe1+ 62.Rg1 Qxg1+ 63.Kxg1 Ke4
64.Kf2 Kf4 65.Kg2 Ke3  0-1

[Event "Szmetan-Giardelli GM 2018"]
[Site "Buenos Aires ARG"]
[Date "2018.12.11"]
[Round "8.1"]
[White "Hoffman,A"]
[Black "Bachmann,Ax"]
[Result "1/2-1/2"]
[WhiteElo "2470"]
[BlackElo "2621"]

1.d4 Nf6 2.Nf3 e6 3.c4 c5 4.d5 exd5 5.cxd5 d6 6.Nc3 g6 7.g3 Bg7 8.Bg2 O-O
9.O-O Na6 10.Nd2 Nc7 11.Nc4 Nfe8 12.a4 b6 13.Bd2 Ba6 14.b3 Rb8 15.Qc2 Qd7
16.e4 Bd4 17.Kh1 Bxc4 18.bxc4 a6 19.Bh6 Ng7 20.Rab1 b5 21.axb5 axb5 22.Ne2 Bf6
23.f4 b4 24.Ng1 Bc3 25.Ne2 Bf6 26.Ng1 Bc3 27.Nf3  1/2-1/2

[Event "December Evenings WIM"]
[Site "Chelyabinsk RUS"]
[Date "2018.12.13"]
[Round "6.1"]
[White "Prudnikova,S"]
[Black "Khokhlova,Daria"]
[Result "1-0"]
[WhiteElo "2235"]
[BlackElo "2230"]

1.d4 Nf6 2.c4 c5 3.d5 e6 4.Nc3 exd5 5.cxd5 d6 6.Nf3 g6 7.h3 Bg7 8.e4 O-O
9.Bd3 a6 10.a4 Nbd7 11.O-O Re8 12.Re1 Rb8 13.Bf4 Qc7 14.Bc4 Nh5 15.Bh2 Ne5
16.Be2 Qb6 17.Nxe5 Bxe5 18.Bxh5 Qxb2 19.Bxe5 Rxe5 20.Re3 Qb6 21.Be2 Qd8 22.f4 Re8
23.Qf1 Qf6 24.e5 dxe5 25.Ne4 Qh4 26.Nd6 Rf8 27.fxe5 Qd4 28.Ra3 Bd7 29.a5 Bb5
30.Bxb5 axb5 31.Qxb5 f5 32.Qd3  1-0

[Event "25th Zadar Open A 2018"]
[Site "Zadar CRO"]
[Date "2018.12.15"]
[Round "1.6"]
[White "Krstulovic,Alex"]
[Black "Cvitan,O"]
[Result "1/2-1/2"]
[WhiteElo "2313"]
[BlackElo "2503"]

1.d4 Nf6 2.c4 e6 3.Nf3 c5 4.d5 d6 5.Nc3 exd5 6.cxd5 g6 7.Nd2 Bg7 8.e4 O-O
9.Be2 Ne8 10.O-O f5 11.exf5 Bxf5 12.Nde4 Na6 13.Bg5 Nf6 14.Ng3 Bd7 15.Qd2 Qb6
16.h4 Nc7 17.h5 Be8 18.hxg6 hxg6 19.f4 Qb4 20.Rad1 Nh7 21.a3 Qd4+ 22.Qxd4 Bxd4+
23.Kh2 Nxg5 24.fxg5 Rxf1 25.Rxf1 Kg7 26.Nge4 Be5+ 27.g3 Bd7 28.Kg1 Bf5 29.Bf3 Re8
30.g4 Bxe4 31.Nxe4 Nxd5 32.Nxd6 Bd4+ 33.Kh2 Rh8+ 34.Kg3 Be5+ 35.Kf2 Nf4 36.Nc4 Nh3+
37.Kg2 Nf4+ 38.Kf2 Nh3+ 39.Kg2 Bd4 40.Bxb7 Nxg5 41.Re1 Rd8 42.Bc6 Bf6 43.b3 Rd3
44.Re3 Rd1 45.Bf3 Rc1 46.Rd3 Bd4 47.Bd5 Rg1+ 48.Kh2 Rxg4 49.Rg3 Rh4+ 50.Kg2 Bf6
51.Nd6 Kf8 52.Nb7 Rd4 53.Bc4 Rd2+ 54.Kf1 Ne4 55.Rxg6 Rf2+ 56.Kg1 Bd4 57.Kh1 Ra2
58.Nd8 Nf2+ 59.Kg2 Nd3+ 60.Kg3 Bf2+ 61.Kh2 Bh4+ 62.Rg2  1/2-1/2

[Event "TCh-BAN Premier 2018"]
[Site "Dhaka BAN"]
[Date "2018.12.16"]
[Round "11.3"]
[White "Khan,Mok"]
[Black "Bose,P"]
[Result "0-1"]
[WhiteElo "1942"]
[BlackElo "2130"]

1.d4 e6 2.c4 Nf6 3.Nf3 c5 4.d5 d6 5.Nc3 exd5 6.cxd5 g6 7.g3 Bg7 8.Bg2 O-O
9.O-O Re8 10.Bf4 a6 11.a4 Ne4 12.Nxe4 Rxe4 13.Nd2 Rb4 14.Ra2 g5 15.Be3 Bf5
16.Qc1 Nd7 17.Nc4 Rxc4 18.Qxc4 h6 19.Qc1 Ne5 20.f4 Ng4 21.Bd2 Qe7 22.fxg5 Be4
23.Qc4 Bd4+ 24.e3 Bxg2 25.exd4 Bxf1 26.Qxf1 Qe4 27.Qf4 Qb1+ 28.Bc1 Re8 29.Qxg4 Qxc1+
30.Kg2 Qd2+ 31.Kh3 hxg5 32.Ra3 Kg7 33.Qf5 Rh8+ 34.Kg4 Qxd4+ 35.Kf3 Qd1+ 36.Kg2 Qe2+
37.Kg1 Qxh2+ 38.Kf1 Qh1+ 39.Ke2 Rh2+ 40.Ke3 Qe1+  0-1

[Event "TCh-BAN Premier 2018"]
[Site "Dhaka BAN"]
[Date "2018.12.16"]
[Round "11.1"]
[White "Ghosh,D"]
[Black "Das,Arp"]
[Result "1-0"]
[WhiteElo "2541"]
[BlackElo "2186"]

1.d4 Nf6 2.c4 e6 3.Nf3 c5 4.d5 d6 5.Nc3 exd5 6.cxd5 g6 7.Bf4 a6 8.a4 Bg7
9.e3 O-O 10.h3 Re8 11.Bd3 Qe7 12.O-O Nbd7 13.e4 Nh5 14.Bh2 Ne5 15.Be2 Nxf3+
16.Bxf3 Nf6 17.e5 dxe5 18.d6 Qd8 19.Re1 Bf8 20.Bxe5 Rxe5 21.Rxe5 Bxd6 22.Re1 Be6
23.Bxb7 Rb8 24.Bxa6 Rxb2 25.Re2 Rxe2 26.Bxe2 Qa5 27.Qxd6 Qxc3 28.Qd1 Bb3
29.Qc1 Qxc1+ 30.Rxc1 Bxa4 31.Rxc5 Bb3 32.Bc4 Bxc4 33.Rxc4 h5 34.Kh2 Kg7 35.Kg3 Nd7
36.Kf4 Kf6 37.Rc6+ Ke7 38.Kg5 Nf8 39.Rc7+ Ke6 40.f4 f6+ 41.Kh6 Kf5 42.Re7 Kxf4
43.Rf7  1-0

[Event "28th TCh-SLO 2018"]
[Site "Slovenia SLO"]
[Date "2018.12.16"]
[Round "9.2"]
[White "Herega,Nejc"]
[Black "Breznik,K"]
[Result "0-1"]
[WhiteElo "1886"]
[BlackElo "2211"]

1.d4 Nf6 2.c4 c5 3.d5 e6 4.Nc3 exd5 5.cxd5 d6 6.Nf3 g6 7.h3 Bg7 8.Bf4 O-O
9.e3 a6 10.a4 Re8 11.Be2 Qc7 12.Nd2 Nfd7 13.Nc4 Ne5 14.Nxe5 Bxe5 15.Bxe5 Rxe5
16.O-O Nd7 17.b3 Nf6 18.Qd2 Qa5 19.Rfd1 Qb4 20.Bc4 Bd7 21.Nb1 a5 22.Nc3 Rae8
23.Qb2 Ne4 24.Nxe4 Rxe4 25.Qf6 Qb6 26.Rab1 R8e5 27.Bd3 Rb4 28.Bc2 Bf5 29.Bxf5 Rxf5
30.Qc3 c4 31.Qd4 cxb3 32.Qxb6 Rxb6 33.Rd3 Rb4 34.Rbxb3 Rxa4 35.Rxb7 Ra1+
36.Kh2 Rxf2 37.e4 Raa2 38.Rg3 Rfe2 39.Rd7 Rxe4 40.Rxd6 Re5 41.Rd3 Ree2 42.Rg3 Kf8
43.h4 Re4 44.Rh3 Rg4 45.Rf3 Rgxg2+ 46.Kh3 Rh2+ 47.Kg4 Rag2+ 48.Kf4 Rxh4+
49.Ke5 Ke7  0-1

[Event "3rd Sat Djenovici Dec IM"]
[Site "Djenovici MNE"]
[Date "2018.12.17"]
[Round "3.5"]
[White "Zherebtsova,A"]
[Black "Nikac,P"]
[Result "1/2-1/2"]
[WhiteElo "2186"]
[BlackElo "2303"]

1.d4 c5 2.d5 e6 3.c4 exd5 4.cxd5 d6 5.Nc3 Nf6 6.Nf3 g6 7.h3 Bg7 8.Bf4 O-O
9.e3 a6 10.a4 b6  1/2-1/2

[Event "ch-ISR 2018"]
[Site "Ma'alot-Tarshiha ISR"]
[Date "2018.12.20"]
[Round "9.4"]
[White "Mikhalevski,V"]
[Black "Rechlis,G"]
[Result "0-1"]
[WhiteElo "2579"]
[BlackElo "2521"]

1.d4 Nf6 2.Nf3 e6 3.c4 c5 4.d5 exd5 5.cxd5 d6 6.Nc3 g6 7.Bf4 a6 8.a4 Bg7
9.h3 O-O 10.e3 Ne8 11.Be2 Nd7 12.O-O Rb8 13.Re1 Ne5 14.Nd2 Nc7 15.a5 Re8
16.Bh2 b5 17.axb6 Rxb6 18.Qc2 Rb8 19.Kh1 Rb4 20.f4 Nd7 21.e4 Nb5 22.Bxb5 axb5
23.Nf3 Nb6 24.Ra7 Na4 25.Nxa4 bxa4 26.Rxa4 Rxb2 27.Qc1 Qb6 28.Nd2 Qb5 29.Ra3 Qb4
30.Nc4 Rc2 31.Qxc2 Qxe1+ 32.Bg1 Bd4 33.Ne3 Bf5 34.Qf2 Qc1 35.Ra4 Bd7 36.Ra7 Rxe4
37.Qc2 Bxe3 38.Qxc1 Bxc1 39.Rxd7 Bxf4 40.Bf2 Re2 41.Kg1 Rd2 42.g3 Be5 43.Be3 Rd1+
44.Kf2 Kg7 45.Kf3 Rxd5 46.Ke4 Rd1 47.Bxc5 Re1+ 48.Be3 Bxg3 49.Kd4  0-1

[Event "ch-CZE Blitz Women 2018"]
[Site "Prague CZE"]
[Date "2018.12.22"]
[Round "5.2"]
[White "Orsagova,S"]
[Black "Worek,J"]
[Result "0-1"]
[WhiteElo "2154"]
[BlackElo "2304"]

1.d4 Nf6 2.Nf3 e6 3.c4 c5 4.d5 exd5 5.cxd5 d6 6.Nc3 g6 7.Bg5 Bg7 8.e3 O-O
9.Be2 a6 10.a4 h6 11.Bh4 Re8 12.O-O Nbd7 13.Nd2 g5 14.Bg3 Ne5 15.e4 Ng6 16.Qc2 Rb8
17.a5 b5 18.axb6 Rxb6 19.Nc4 Nf4 20.Bxf4 gxf4 21.Nxb6 Qxb6 22.Bf3 Bg4 23.Qe2 Bxf3
24.Qxf3 Qxb2 25.Rxa6 Nd7 26.Ne2 Ne5 27.Qh5 Qb5 28.Rxd6 f3 29.gxf3 Qxe2 30.Kg2 Nd3
31.Qg4 h5 32.Qg5 Re5 33.Rd8+ Kh7 34.Qg3 Qd2 35.Kh1 Rg5 36.Qh4 Bf6 37.Rd7 Kg7
38.Qh3 Nxf2+ 39.Rxf2 Qxf2 40.Rxf7+ Kxf7 41.Qe6+ Kg7 42.Qd7+ Kh6  0-1

[Event "27th Donau Open 2018"]
[Site "Aschach AUT"]
[Date "2018.12.27"]
[Round "3.4"]
[White "Maiorov,N1"]
[Black "Rogulj,B"]
[Result "1/2-1/2"]
[WhiteElo "2510"]
[BlackElo "2409"]

1.d4 Nf6 2.c4 c5 3.d5 e6 4.Nc3 exd5 5.cxd5 d6 6.Nf3 g6 7.g3 Bg7 8.Bg2 O-O
9.O-O Re8 10.Bf4 Ne4 11.Nxe4 Rxe4 12.Nd2 Rxf4 13.gxf4 Bxb2 14.Rb1 Bg7 15.e4 Qh4
16.Qf3 Bh6 17.Qg3 Qf6 18.e5 Qxf4 19.Qxf4 Bxf4 20.Nc4 Nd7 21.exd6 b5 22.Ne3 Ba6
23.Rfe1 Ne5 24.Rec1 Nc4 25.Rc3 Be5 26.Rd3 Nxd6  1/2-1/2

[Event "Barcelona Christmas IM"]
[Site "Barcelona ESP"]
[Date "2018.12.27"]
[Round "1.1"]
[White "Perez Mitjans,O"]
[Black "Rojas Keim,L"]
[Result "1/2-1/2"]
[WhiteElo "2396"]
[BlackElo "2340"]

1.d4 Nf6 2.Nf3 e6 3.c4 c5 4.d5 d6 5.Nc3 exd5 6.cxd5 g6 7.e4 a6 8.a4 Bg7 9.Bd3 O-O
10.h3 Re8 11.O-O Nh5 12.Bg5  1/2-1/2

[Event "48th Rilton Cup 2018-19"]
[Site "Stockholm SWE"]
[Date "2018.12.29"]
[Round "3.78"]
[White "Marzano,C"]
[Black "Lahav,Michal"]
[Result "1/2-1/2"]
[WhiteElo "2222"]
[BlackElo "2059"]

1.d4 Nf6 2.c4 c5 3.d5 e6 4.Nc3 exd5 5.cxd5 d6 6.Nf3 g6 7.Bf4 a6 8.a4 Bg7
9.e3 O-O 10.Be2 Ne8 11.O-O Nd7 12.Nd2 g5 13.Bg3 f5 14.f4 Qe7 15.Nc4 Rb8 16.Qd2 gxf4
17.exf4 Ndf6 18.Nb6 Bd7 19.Bh4 Qd8 20.a5 Nc7 21.Rfe1 Nb5 22.Nxb5 axb5 23.Bf3 Rf7
24.Re2 b4 25.Rae1 Bb5 26.Re6 Ne4 27.Bxe4 Qxh4 28.g3 Qd8 29.Bf3 Bf8 30.Be2 Bd7
31.Bd3 Bg7 32.Qc2 Bxe6 33.dxe6 Bd4+ 34.Kg2 Rg7 35.Nd5 Qxa5 36.b3 Bc3 37.Re2 Bd4
38.Bxf5 Qa1 39.e7 Qg1+ 40.Kh3 Qf1+ 41.Kh4 Re8 42.Bd7 h5 43.Qe4 Kh8 44.Bh3 Qa1
45.Qe6 Rh7 46.Bf5 Bf6+ 47.Kh3 Rhxe7 48.Nxe7 Rxe7 49.Qc8+ Kg7 50.Rxe7+ Bxe7
51.Kg2 Qb2+ 52.Kh3 Qa1 53.Kg2 Qb2+ 54.Kh3 Qa1  1/2-1/2

[Event "42nd Zurich Christmas"]
[Site "Zurich SUI"]
[Date "2018.12.29"]
[Round "6.3"]
[White "Martirosyan,Haik M."]
[Black "Boyer,Mahel"]
[Result "1-0"]
[WhiteElo "2607"]
[BlackElo "2226"]

1.d4 Nf6 2.Nf3 e6 3.c4 c5 4.d5 d6 5.Nc3 exd5 6.cxd5 g6 7.Bf4 a6 8.a4 Bg7
9.h3 O-O 10.e3 Ne8 11.Be2 Nd7 12.O-O Ne5 13.Nxe5 dxe5 14.Bh2 Nd6 15.a5 Bd7
16.e4 f5 17.f3 f4 18.Kh1 Bf6 19.Bg1 Bh4 20.Na4 g5 21.Nxc5 Bc8 22.Ne6 Qf6
23.Bc5 g4 24.Bxd6 gxh3 25.gxh3 Bxe6 26.dxe6 Qxe6 27.Qd5  1-0

[Event "48th Rilton Cup 2018-19"]
[Site "Stockholm SWE"]
[Date "2018.12.30"]
[Round "4.64"]
[White "Joensson,Jacob"]
[Black "Storme,Isak"]
[Result "0-1"]
[WhiteElo "2083"]
[BlackElo "2271"]

1.d4 Nf6 2.c4 c5 3.d5 e6 4.Nc3 exd5 5.cxd5 d6 6.Nf3 g6 7.Nd2 Nbd7 8.e4 Bg7
9.Be2 O-O 10.O-O Re8 11.a4 Ne5 12.Ra3 g5 13.Re1 g4 14.Nf1 Ng6 15.Ng3 h5 16.Bg5 Re5
17.Qc1 Qf8 18.h4 gxh3 19.f4 Rxg5 20.fxg5 Ng4 21.Bxg4 Bxg4 22.Nce2 hxg2 23.Nf5 Re8
24.Neg3 h4 25.Nxg7 Qxg7 26.Nf5 Bxf5 27.exf5 Qd4+ 28.Rae3 Nf4 29.Kh2 Re5 30.Rxe5 g1=Q+
31.Rxg1 Qf2+  0-1

[Event "2nd Schilcherland Open"]
[Site "Deutschlandsberg AUT"]
[Date "2018.12.31"]
[Round "4.2"]
[White "Diermair,A"]
[Black "Mohr,G"]
[Result "1-0"]
[WhiteElo "2472"]
[BlackElo "2454"]

1.d4 Nf6 2.c4 c5 3.d5 e6 4.Nc3 exd5 5.cxd5 d6 6.Nf3 g6 7.Bf4 a6 8.a4 Bg7
9.e3 O-O 10.h3 Ne8 11.Be2 Nd7 12.O-O Qe7 13.Re1 Ne5 14.Nd2 f5 15.Bg3 Rb8
16.Qc2 Bd7 17.a5 Nc7 18.Qb3 Kh8 19.Bf1 Qd8 20.Kh1 Ne8 21.f4 Nf7 22.Nc4 Nf6
23.Bh4 Qc7 24.Nb6 Rbe8 25.Qc2 Ne4 26.Bd3 Bf6 27.Bxf6+ Nxf6 28.Rab1 Re7 29.Qd2 Kg8
30.Rbc1 Qd8 31.b4 cxb4 32.Ne2 Ne4 33.Bxe4 Rxe4 34.Nd4 Rfe8 35.Qxb4 g5 36.Qc4 gxf4
37.exf4 Qf6 38.Rxe4 Rxe4 39.Nxd7  1-0

[Event "2nd Schilcherland Open"]
[Site "Deutschlandsberg AUT"]
[Date "2019.01.02"]
[Round "6.8"]
[White "Brink,B"]
[Black "Bauer,Thomas"]
[Result "1-0"]
[WhiteElo "2374"]
[BlackElo "2267"]

1.d4 Nf6 2.c4 c5 3.d5 e6 4.Nc3 exd5 5.cxd5 d6 6.Nf3 g6 7.Bf4 a6 8.a4 Bg7
9.h3 O-O 10.e3 Ne8 11.Be2 Nd7 12.O-O Ne5 13.Nd2 b6 14.Bg3 f5 15.f4 Nf7 16.Qc2 Nc7
17.Bc4 Re8 18.Bf2 Bd7 19.Qd3 Qb8 20.e4 b5 21.Ba2 b4 22.Ne2 fxe4 23.Qb3 Qb7
24.Nc4 a5 25.Rad1 Ra6 26.Rfe1 Nh6 27.g4 g5 28.f5 Nxf5 29.gxf5 Bxf5 30.Qg3 Qc8
31.Be3 Bxh3 32.Rf1 Bxf1 33.Rxf1 Qd7 34.Bb3 h6 35.Bc1 Kh8 36.Ne3 Be5 37.Qg4 Qh7
38.Qh5 Re7 39.Rf8+ Kg7 40.Rf1 Kg8 41.Ng4 Ra8 42.Rf6 Rf8 43.Nxh6+ Qxh6 44.Rxh6 Bg7
45.Rg6 Rf3 46.Qxg5 Ref7 47.Be3 Ne8 48.Bc4 Nf6 49.Bf4 Nh7 50.Qd8+ Nf8 51.Rg4 Kh7
52.Qh4+ Kg8 53.Bb5 b3 54.Be8  1-0

[Event "4th IIFL Wealth Mumbai Op"]
[Site "Mumbai IND"]
[Date "2019.01.02"]
[Round "4.8"]
[White "Nguyen Van Huy"]
[Black "Balasubramaniam,H"]
[Result "0-1"]
[WhiteElo "2438"]
[BlackElo "2270"]

1.d4 Nf6 2.c4 e6 3.Nf3 c5 4.d5 exd5 5.cxd5 d6 6.Nc3 g6 7.Nd2 a6 8.a4 Bg7
9.e4 O-O 10.Be2 Nbd7 11.O-O Ne8 12.Nc4 Ne5 13.Ne3 Rb8 14.f4 Nd7 15.Kh1 Nef6
16.Nc4 Nb6 17.Ne3 Nbd7 18.Qc2 Re8 19.Nc4 Nb6 20.e5 Bf5 21.Qd1 dxe5 22.Nxb6 Qxb6
23.fxe5 Ne4 24.Nxe4 Bxe4 25.Bf3 Bxf3 26.Qxf3 Qc7 27.Bf4 Bxe5 28.Bxe5 Rxe5
29.d6 Qd7 30.a5 Rd8 31.Rae1 Rxe1 32.Rxe1 Qxd6 33.h3 Qd2 34.Re2 Qd1+ 35.Kh2 Kg7
36.Qc3+ Qd4 37.Qf3 Rd7 38.Kh1 Qf6 39.Rf2 Qxf3 40.Rxf3 Rd1+ 41.Kh2 Ra1 42.Rb3 Rxa5
43.Rxb7 Rb5 44.Rc7 a5 45.Rc6 a4 46.h4 Rxb2 47.Rxc5 a3 48.Ra5 a2 49.Kg3 h6
50.Kf3 Kf6 51.g4 Ke6 52.Ke4 Rh2 53.h5 gxh5 54.Ra6+ Kd7 55.gxh5 Kc7 56.Kd4 Kb7
57.Ra5 Kb6 58.Ra8 Kb5 59.Kc3 f5 60.Rb8+ Kc5 61.Rc8+ Kd5 62.Rd8+ Ke4 63.Re8+ Kf3
64.Ra8 f4 65.Kd3 Rxh5 66.Rxa2 Rd5+ 67.Kc4 Rd8 68.Rh2 Rd6 69.Kc5 Rg6 70.Kd4 Kg3
71.Rh1 Kg2 72.Rh5 f3  0-1

[Event "31st Staufer-Open 2019"]
[Site "Schwaebisch Gmuend GER"]
[Date "2019.01.02"]
[Round "1"]
[White "Bischofberger,Dario"]
[Black "Schitco,Ivan"]
[Result "0-1"]
[WhiteElo "2153"]
[BlackElo "2416"]

1.d4 Nf6 2.c4 c5 3.d5 e6 4.Nc3 exd5 5.cxd5 d6 6.Nf3 g6 7.g3 Bg7 8.Bg2 O-O
9.O-O a6 10.a4 Nbd7 11.h3 Re8 12.Re1 Rb8 13.Bf4 Qe7 14.e4 Nh5 15.Bg5 Qf8
16.a5 b5 17.axb6 Rxb6 18.Qd2 Ne5 19.Nxe5 Bxe5 20.Ra3 Qg7 21.Qe2 f6 22.Bc1 f5
23.Nd1 f4 24.g4 Nf6 25.b3 Bd7 26.Nb2 Bb5 27.Nc4 g5 28.Qc2 Bxc4 29.bxc4 Reb8
30.Bf3 Nd7 31.Kg2 Nf8 32.Rd1 Ng6 33.Rdd3 Qb7 34.Bd1 Bb2 35.Bxb2 Rxb2 36.Qc1 Rb4
37.Rdb3 Qe7 38.f3 Ne5 39.Rxb4 Rxb4 40.Rxa6 Nxc4 41.Ra8+ Kf7 42.Qa1 Ne5 43.Qa6 Rb2+
44.Kf1 Rb7 45.Ba4 Qc7 46.Bc6 Rb1+ 47.Kg2 Qb6 48.Ra7+ Kf6 49.Qxb6 Rxb6 50.Rxh7 Rb2+
51.Kf1 Nxf3 52.e5+ Kxe5 53.Re7+ Kd4 54.Ba4 Nd2+  0-1

[Event "Barcelona Christmas IM"]
[Site "Barcelona ESP"]
[Date "2019.01.03"]
[Round "7.1"]
[White "Vasquez Schroeder,R"]
[Black "Rojas Keim,L"]
[Result "0-1"]
[WhiteElo "2495"]
[BlackElo "2340"]

1.d4 Nf6 2.c4 e6 3.Nf3 c5 4.d5 exd5 5.cxd5 d6 6.Nc3 g6 7.Bf4 Bg7 8.h3 O-O
9.e3 a6 10.a4 Qe7 11.Be2 Nbd7 12.Nd2 Ne5 13.O-O Rb8 14.a5 Ne8 15.Qb3 Nc7
16.Nde4 b5 17.axb6 Na8 18.Qc2 Rxb6 19.Ra2 Nc7 20.Rd1 Bf5 21.Qd2 Nb5 22.Rda1 Bc8
23.Nxb5 axb5 24.Ra7 Nd7 25.Nc3 b4 26.Na4 Rb7 27.Ra8 Nb6 28.Nxb6 Rxb6 29.Bc4 Be5
30.e4 Bd4 31.Re1 Bd7 32.Ra7 Rfb8 33.Re2 R6b7 34.Ra6 Rb6 35.Rxb6 Rxb6 36.b3 Bb5
37.Qd3 Bxc4 38.Qxc4 Qa7 39.Be3 Qa1+ 40.Kh2 Qc3 41.Bxd4 Qxc4 42.bxc4 cxd4
43.Rb2 Kg7 44.f4 Kf6 45.Kg3 g5 46.fxg5+ Ke5 47.Kf3 b3 48.Ke2 Kxe4 49.Kd2 d3
50.Kc3 Ke3 51.h4 Rb8 52.g4 Rb7 53.h5 Rb8 54.h6 Rb7 55.g6 fxg6 56.g5 Rb8 57.c5 dxc5
58.d6 Rb7 59.Rd2 b2 60.Rxd3+ Ke4 61.d7 b1=Q  0-1